000 00388nam a2200121 a 4500
008 120416s1988 xx |||||||||||||| || u
050 _aNK 1505 Clo
100 _aCloke, Rena
245 1 0 _aDesign
260 _c1988
350 _a0.00
995 _D0.00
_FCBU-MAIN LIBRARY (Kitwe)
_H1
_I2.65
_UAVAILABLE
_ZMain Library Open Access Collection
999 _c39648
_d39648